US Cities Larger Than Wyoming Quiz Stats

Quiz Updated Feb 9, 2015

Challenge
Share
Tweet
Embed
Score 0/31 Timer 03:00
7 Plays Today
Population City % Correct
8,175,133New York, New York
99.6%
3,792,621Los Angeles, California
97.5%
2,695,598Chicago, Illinois
95%
1,197,816Dallas, Texas
91.7%
2,099,451Houston, Texas
91.3%
805,235San Francisco, California
87%
617,594Boston, Massachusetts
86%
1,307,402San Diego, California
82.9%
1,526,006Philadelphia, Pennsylvania
82.7%
608,660Seattle, Washington
82.7%
1,445,632Phoenix, Arizona
75.9%
713,777Detroit, Michigan
73.3%
1,327,407San Antonio, Texas
71.1%
601,723Washington, District of Columbia
70.4%
600,158Denver, Colorado
67.5%
790,390Austin, Texas
67.4%
Population City % Correct
583,776Portland, Oregon
61.2%
821,784Jacksonville, Florida
59.3%
620,961Baltimore, Maryland
58.8%
820,445Indianapolis, Indiana
57.6%
945,942San Jose, California
57.3%
583,756Las Vegas, Nevada
53.9%
787,033Columbus, Ohio
52.9%
601,222Nashville, Tennessee
52.1%
646,889Memphis, Tennessee
48.3%
731,424Charlotte, North Carolina
46.5%
741,206Fort Worth, Texas
44.1%
579,999Oklahoma City, Oklahoma
43.2%
594,833Milwaukee, Wisconsin
39.9%
649,121El Paso, Texas
39.8%
597,337Louisville, Kentucky
27.7%

You're not logged in!

Compare scores with friends on all Sporcle quizzes.
Sign Up with Email
OR
Log In

You Might Also Like...

Show Comments

Extras

Top Quizzes Today


Score Distribution

Your Account Isn't Verified!

In order to create a playlist on Sporcle, you need to verify the email address you used during registration. Go to your Sporcle Settings to finish the process.